Brawl Stars Maps - Statistics

General Stats
  • This quiz has been taken 40 times
  • The average score is 13 of 42
Answer Stats
Picture Answer % Correct
Double Swoosh
71%
Belle's Rock
64%
Out In The Open
64%
Feast or Famine
54%
Sneaky Fields
54%
Duelling Beetles
50%
Gem Fort
50%
Hot Potato
50%
Parallel Plays
50%
Bridge Too Far
46%
Flaring Phoenix
46%
Hard Rock Mine
46%
Skull Creek
43%
Center Stage
39%
Triple Dribble
39%
Acid Lakes
36%
Flying Fantasies
36%
Goldarm Gulch
32%
Kaboom Canyon
32%
New Horizons
32%
Rockwall Brawl
32%
Safe Zone
32%
Ring of Fire
29%
Undermine
29%
Pinball Dreams
25%
Safety Center
21%
Double Trouble
18%
Flowing Springs
18%
Healthy Middle Ground
18%
H for...
18%
New Perspective
18%
Open Business
18%
Double Decker
11%
Four Levels
11%
Open Space
7%
Streets With No Name
7%
Cool Box
4%
Rustic Arcade
4%
Slippery Slap
4%
Unhappy Arena
4%
Warrior's Way
4%
Survival of the Meanest
0%
No matching quizzes found
Score Distribution
Percent of People with Each Score
Percentile by Number Answered
Your Score History
You have not taken this quiz